Movies Quiz

Random Movies or Actress Quiz
Score 0/15 Timer 01:30
0 Plays Today
% Correct
The Devil Wears Prada
94.6%
Mamma Mia
90.6%
Titanic
89.7%
The Iron Lady
89.5%
Elizabeth: The Golden Age
78.9%
Lost in Translation
78%
Eternal Sunshine of the Spotless Mind
76.2%
Once Upon a Time in Hollywood
75.8%
% Correct
Girl with a Pearl Earring
70.5%
The Lord of the Rings: The Return of the King
67.1%
Jojo Rabbit
65.4%
Revolutionary Road
63.7%
The Hobbit: An Unexpected Journey
62.2%
Mary Queen of Scots
61%
Goodbye Christopher Robin
59.6%
Remove Ads.
Support Sporcle.
Get the best of Sporcle when you Go Orange. This ad-free experience offers more features, more stats, and more fun while also helping to support Sporcle. Thank you for becoming a member.

You're not logged in!

Compare scores with friends on all Sporcle quizzes.
OR
Log In

Sporcle TV

Today on Sporcle TV


Watch our educational content, quiz creation guides, and fun videos on Sporcle TV.

Show Comments

Extras

Top Quizzes Today


Score Distribution

Paid Content

Your Account Isn't Verified!

In order to create a playlist on Sporcle, you need to verify the email address you used during registration. Go to your Sporcle Settings to finish the process.

Report this User

Report this user for behavior that violates our Community Guidelines.

Details: